000 01004cam a2200265 a 4500
001 879
005 20230908135851.0
020 _a9780545627504
040 _aDLC
_cDLC
_dDLC
_beng
050 0 0 _aQH198.G3
_bC44 2012
082 0 0 _a508.866
_223
100 1 _aChin, Jason,
_d1978-
245 1 0 _aIsland :
_ba story of the Galápagos /
_cJason Chin.
250 _a1st ed.
260 _aNew York :
_bScholastic
_c2012.
300 _a24 unnumbered pages
_bcolor illustrations, maps ;
_c29 cm
500 _a"A Neal Porter book."
505 _aX
520 _aAn island is about to be born- one that in time will become the home of plants and animals that exist nowhere else on Earth. This book is the biography of a Galápagos island- from birth, through adolescence, to adulthood, and beyond.
521 _a900
_bLexile
521 _aX
_bRaz-Plus
650 0 _aNatural history
_zGalapagos Islands
_vJuvenile literature.
906 _a7
_bcbc
_corignew
_d1
_eecip
_f20
_gy-gencatlg
942 _2ddc
_cBK
_n0
999 _c879
_d879